|
|
|
|
| LEADER |
02359nam a2200505 4500 |
| 001 |
ocn843198009 |
| 003 |
OCoLC |
| 005 |
20170124071341.4 |
| 006 |
m o d |
| 007 |
cr cnu|||unuuu |
| 008 |
130516s2010 iau o 000 0 eng d |
| 040 |
|
|
|a DG1
|b eng
|e rda
|c DG1
|d CUS
|d CUI
|d NOC
|d OCLCO
|d OCLCF
|d OCLCO
|d YDXCP
|d OCLCQ
|d OCLCO
|d GrThAP
|
| 019 |
|
|
|a 902649390
|
| 020 |
|
|
|a 9781118704004
|q (electronic bk.)
|
| 020 |
|
|
|a 1118704002
|q (electronic bk.)
|
| 020 |
|
|
|z 9781118692189
|q (print)
|
| 020 |
|
|
|z 1118692187
|
| 029 |
1 |
|
|a AU@
|b 000051629214
|
| 029 |
1 |
|
|a GBVCP
|b 790207621
|
| 029 |
1 |
|
|a NZ1
|b 15340586
|
| 029 |
1 |
|
|a DEBBG
|b BV043395878
|
| 035 |
|
|
|a (OCoLC)843198009
|z (OCoLC)902649390
|
| 050 |
|
4 |
|a HG177
|b .T87 2010
|
| 082 |
0 |
4 |
|a 658.15/224
|2 23
|
| 049 |
|
|
|a MAIN
|
| 245 |
0 |
0 |
|a Turning to business for support :
|b how to increase gift support from businesses and corporations.
|
| 264 |
|
1 |
|a Sioux City, Iowa :
|b Stevenson, Inc.,
|c [2010]
|
| 300 |
|
|
|a 1 online resource (46 pages)
|
| 336 |
|
|
|a text
|b txt
|2 rdacontent
|
| 337 |
|
|
|a computer
|b c
|2 rdamedia
|
| 338 |
|
|
|a online resource
|b cr
|2 rdacarrier
|
| 500 |
|
|
|a "Edited by Scott C. Stevenson"--Running title area.
|
| 505 |
0 |
|
|a Getting a Business Solicitation Effort Up and Running -- Approaching Businesses for First-Time Gifts -- Forge Relationship-Building Partnerships -- Cultivating Your Nonprofit's Vendors -- Solicitation Procedures -- Provide Benefits Tailored to Businesses -- Offer Sponsorship as One Viable Option -- Great Ideas for Raising Gifts from Businesses -- Ways to Recognize and Steward Business Donors.
|
| 588 |
0 |
|
|a Online resource; title from PDF title page (Wiley, viewed on May 16, 2013).
|
| 650 |
|
0 |
|a Fund raising.
|
| 650 |
|
0 |
|a Corporations
|x Charitable contributions.
|
| 650 |
|
0 |
|a Nonprofit organizations
|x Management.
|
| 650 |
|
7 |
|a Corporations
|x Charitable contributions.
|2 fast
|0 (OCoLC)fst00879812
|
| 650 |
|
7 |
|a Fund raising.
|2 fast
|0 (OCoLC)fst00936143
|
| 650 |
|
7 |
|a Nonprofit organizations
|x Management.
|2 fast
|0 (OCoLC)fst01038913
|
| 655 |
|
4 |
|a Electronic books.
|
| 700 |
1 |
|
|a Stevenson, Scott C.,
|e editor.
|
| 776 |
0 |
8 |
|i Print version:
|t Turning to business for support.
|d Sioux City, Iowa : Stevenson, Inc., ©2010
|z 9781118692189
|w (OCoLC)783557374
|
| 856 |
4 |
0 |
|u https://doi.org/10.1002/9781118704004
|z Full Text via HEAL-Link
|
| 994 |
|
|
|a 92
|b DG1
|